| 000 | 00483nam a2200145Ia 4500 | ||
|---|---|---|---|
| 008 | 170221s9999 xx 000 0 und d | ||
| 100 | _aWilliams, Kaylene C. | ||
| 245 | _aCore qualities of successful marketing relationships | ||
| 245 | _cKaylene C. Williams, California State University, Stanislaus. | ||
| 260 | _bJournal of Management and Marketing Research | ||
| 260 | _c2014 | ||
| 300 | _a3 : 3 | ||
| 650 | _xBusiness | ||
| 856 | _uhttp://www.aabri.com/manuscripts/111023.pdf | ||
| 999 |
_c313206 _d313206 |
||